| 000 | 01262nam a2200313 a 4500 | ||
|---|---|---|---|
| 001 | BRL_400 | ||
| 005 | 20190320210725.0 | ||
| 008 | 060813s1979----mx-a######---#000-0#spa-# | ||
| 041 | _aspa | ||
| 044 | _amx | ||
| 050 | 4 |
_aF1219 _b.S24 1979 |
|
| 100 | 1 |
_aSahagún, Bernardino de _d1499-1590. _923791 |
|
| 240 | 1 | 0 | _aHistoria General de las cosas de la Nueva España |
| 245 | 1 | 0 |
_aCódice Florentino _cde Fray Fernardino de Sahagún |
| 260 |
_aMéxico _bSecretaría de Gobernación _c1979 |
||
| 300 |
_a3 v. _bil. (algunas a color) _c32 cm. |
||
| 500 | _aTitulo en el colofón | ||
| 500 | _apublicado como: Historia general de las cosas de la Nueva España | ||
| 500 | _aEl gobierno de la república editada en facsimil, el manuscrito 218-20 de la colección palatina de la biblioteca Medicea Laurenziana Codice Florentino para mayor conocimiento del pueblo mexicano | ||
| 500 | _av.1, Au402; v.2, Au401; v.3, Au400 | ||
| 650 | 1 | 4 |
_aIndígenas de México _xAntigüedades _9509 |
| 650 | 1 | 4 |
_aAztecas _92396 |
| 650 | 1 | 4 |
_aManuscritos mexicanos _xFacsímiles _95310 |
| 650 | 1 | 4 |
_aManuscritos nahuatl _xFacsímiles _923792 |
| 651 | 4 |
_aMéxico _xHistoria _yConquista 1519-1540 _9442 |
|
| 651 | 4 |
_aMéxico _xAntigüedades _92765 |
|
| 902 | _aGRL | ||
| 942 |
_2lcc _cB |
||
| 999 |
_c9213 _d9213 |
||